000 00712nam a2200205 a 4500
001 20563
003 CO-ViMGA
008 141112s2004 ck r 000 u spa d
020 _a8479035358
040 _aCO-ViMGA
_bspa
_cCO-ViMGA
082 0 4 _a616.4 J171e
100 1 _aJara Albarrán, Antonino
_929771
245 1 0 _aEndocrinología
260 _aMadrid :
_bMedica panAméricana,
_c2001
300 _a900p
505 _aTiroides 115 - - Testículo 309 - - Diabetes mellitus 439 - - Nutrición y metabolismo 765
590 _aForma de adquisición : Compra fact. 0536 - - Precio : 235000 - - Proveedor : Temas y libros - - Fecha de adquisición : Abril 2006
650 1 4 _aENDOCRINOLOGÍA
942 _2ddc
_cBK
999 _c29557
_d29557